| 000 | 00574nam a22001817a 4500 | ||
|---|---|---|---|
| 005 | 20251108171806.0 | ||
| 008 | 250721s1991 xx 000 0 ara d | ||
| 082 | 1 | 4 | _aط/631.7/إسق |
| 100 | 1 |
_aالخطيب، أحمد شفيق _eTran. |
|
| 245 | 1 | 0 | _aالإسقاء و الري / |
| 264 | 1 |
_aبيروت : _bمكتبة لبنان، _c1991. |
|
| 300 | _a31ص : مص | ||
| 490 | 0 |
_aكتب الفراشة : المعارف الميسرة _v16 |
|
| 650 | 1 | 7 | _aالري |
| 653 | _aاطفال مرحله متوسطه (6-9) سنوات | ||
| 942 |
_2ddc _cBK |
||
| 999 |
_c62619 _d62619 |
||